| 000 | 00458nab a2200145Ia 4500 | ||
|---|---|---|---|
| 003 | ES-SlBCS | ||
| 005 | 20210601125252.0 | ||
| 008 | 140529s1987 xxu||||| |||| 00| 0 eng d | ||
| 041 | _aeng | ||
| 100 | 1 |
_aShelton, Jim _9156156 |
|
| 245 | 0 | 0 |
_aSchlick and Husserl on the Foundations of Phenomenology _c Jim Shelton |
| 600 | 1 | 4 |
_aSclick, Moritz _9156157 |
| 773 | 0 |
_tPhilosophy and Phenomenological Research _gvol. 48, 1987, págs. 557-562 _wRev1411 |
|
| 942 | _cAR | ||
| 999 |
_c527545 _d527545 |
||